TEPLOTNÍ A KONTAKTNĚ-ÚNAVOVÁ DEGRADACE POJEZDOVÝCH PLOCH KOL ELEKTRICKÝCH VOZŮ

Bibliographic Details
Main Authors: Schmidová, Eva (Author), Pešlová, Františka (Author)
Format: Article
Language:Czech

MARC

LEADER 00000nab a2200000 a 4500
001 vtls011122449
003 SK-MaSNL
005 20260303143854.0
008 230222|2005 xo |||||||||||||||||cze|
015 |a SNBRB 
035 |a (uuid)14984fb6-1c85-49f2-a39a-0dfa672fb454 
035 |a (urnnbn)urn:nbn:sk:snk:ar-a08wye 
035 |a urn:nbn:sk:snk-ab9uhr 
040 |a SNKBUCL  |b slo  |c SNKBUCL  |e AACR2 
041 0 |a cze 
044 |a xo  |c SK 
100 1 |a Schmidová, Eva  |4 aut  |9 789508 
245 1 0 |a TEPLOTNÍ A KONTAKTNĚ-ÚNAVOVÁ DEGRADACE POJEZDOVÝCH PLOCH KOL ELEKTRICKÝCH VOZŮ  |c Eva Schmidová, Františka Pešlová 
246 3 |a TEMPERATURE AND CONTACT-FATIGUE DEGRADATION OF WHEEL RUNNING SURFACES OF THE ELECTRICAL VEHICLE 
700 1 |a Pešlová, Františka  |4 aut  |9 356654 
773 0 |t Materiálové inžinierstvo  |g Roč. 12, č. 3 (2005), s. 65-69 
958 |a OND 
958 |a EUIPO 
958 |a article13 
999 |c 1992839  |d 1994769